000 00384nam a2200133Ia 4500
008 220217s9999||||xx |||||||||||||| ||und||
020 _a81-203-1952-4
082 _a621.381 32 SAN
100 _aKal, Santiram
_92880
245 0 _aBasic electronics divices circuits and fundamentals
260 _aPrentice hall of india
_bNew Delhi
_c2002
300 _b125
650 _aCIRCUITRY
999 _c170199
_d170199